Excellence in communication : using the NLP approach
| Main Author: | |
|---|---|
| Format: | Book |
| Published: |
United Kingdom :
A Maya Gower Imprint ,
2006
|
| Subjects: |
MARC
| LEADER | 00000cam a2200000 7i4500 | ||
|---|---|---|---|
| 001 | 0000018226 | ||
| 005 | 20080612.0 | ||
| 008 | 080604 | ||
| 020 | |a 8179291715 | ||
| 090 | 0 | 0 | |a 302.2 |b MCD |
| 100 | 0 | |a McDermott, Ian | |
| 245 | 1 | 0 | |a Excellence in communication : |b using the NLP approach |c Ian McDermott, Joseph O'Connor |
| 260 | |a United Kingdom : |b A Maya Gower Imprint , |c 2006 | ||
| 500 | |a Include index | ||
| 650 | 0 | |a Communication |x Social science | |
| 999 | |a 0001020414 |b Book |c Adult Collection |e Perbadanan Perpustakaan Awam Johor | ||